Quizzes
Events
Quiz Creation
Community
Videos
Private Events
Remove Ads
Sign In
Join for FREE
Feedback
Dark Mode
Quiz Categories
Sports
Geography
Music
Movies
Television
Just For Fun
Miscellaneous
History
Literature
Language
Science
Gaming
Entertainment
Religion
Holiday
For Kids
Quiz Lab
Recent
Popular Today
Quiz Kudos Today
Editor Picks
Curator Picks
Quizzes by...
Day
Popularity
Type
Ratings
Length
Year
Community
Subscriptions
Recent Discussions
Orange Saloon
Badges
Playlists
Quests
Create
Leaderboards
Showdown
Live 5
Trivia Bingo
Activity
Puzzle Library
Sporcle Events
Private Events
Virtual Trivia
Globe League
Become a Host
Pub Owners
SporcleCon
Opinionation
Our Games
Videos
Blog
Mobile Apps
Partnerships
Remove Ads and Go Orange
Feedback
Sports
Athletes
MLB
NBA
NHL
NFL
Soccer
Sports Teams
WWE
NCAA
Football
Premier League
Basketball
Baseball
Hockey
Golf
Tennis
Cricket
Rugby
Auto Racing
Olympics
World Cup
Sports
Athletes
MLB
NBA
NHL
NFL
Soccer
Sports Teams
WWE
NCAA
Football
Premier League
Basketball
Baseball
Hockey
Golf
Tennis
Cricket
Rugby
Auto Racing
Olympics
World Cup
Random Quiz
Search Sporcle
×
Quiz Lab
Quiz Lab
Sports
Board Games
Type in answers that appear in a list
Type in answers that appear in a list
Classic
Best Score? Go Orange.
Saints Super Bowl Drinking Game Stats
Can you name the Saints Super Bowl Drinking Game?
By
JoeyMyFriend
6m
12 Questions
250 Plays
250 Plays
250 Plays
Comments
Comments
Give Quiz Kudos
Give Quiz Kudos
-
- Ratings
hide this ad
Random Order
Randomize order of answers
Randomize order of answers
Replay
Link that replays current quiz
Next Quiz
Link to next quiz in quiz playlist
You Got
0%
They Got
Avg Score
37%
Avg Friend Score
Upgrade to see
Score Distribution
Jump to the score distribution portion of the page
Score
0/12
Timer
06:00
0
Plays Today
Number of Drinks you take:
When you hear the announcer say this:
% Correct
Take 3 Drinks (player R. B.)
Reggie Bush
79.6%
Take a Drink (player D. B.)
Drew Brees as Mardi Gras King
75.6%
Take a Drink (weather related)
Hurricane Katrina
57.6%
Take 2 Drinks (former player A. M.)
Who should Archie Manning cheer for?
52.4%
Take a Drink (NFL player B. F.)
Brett Favre
45.6%
Take a Drink (saying)
Who dat!
38%
Take a Drink (divine right)
It's destiny for the Saints to win
24.4%
Take 2 Drinks (divine right)
Saints, Saints Fans or The City of New Orleans deserves to win.
22%
Take a Drink (former city leader R. N.)
Former Mayor Ray Nagin
17.2%
Take 5 Drinks (post Kartina fact)
Saints beating the Falcons in 2006; first game after Katrina in the Super Dome.
16.8%
Take 5 Drinks (player T. T.)
Tim Tebow
9.2%
Take a Drink (a feeling or condition associated w/
NO)
Tragedy, Flood or Devistation
8.8%
Quiz Playlist
Details
Report
Send in Message
Add To Playlist
Classic:
Type in answers that appear in a list
Random Order:
Randomize order of answers
Last Updated: Feb 16, 2017
Quiz Scoreboard
CHALLENGE
Sign Up to Join the Scoreboard
Show All
Scores
Hide
Comments
May contain spoilers
Recently Published
Paint the Flag IV
by Anonymus_Cookie
Geography
30s
Celebrity Time Lapse IV
by t_rev19
Entertainment
5m
Can You Fill Me In? 2010s Songs II
by bedbird
Music
4m
More to Explore
Quiz From the Vault
Featured Blog Post
What Are the Ides of March?
hide this ad
You Might Also Like...
Tags
Board Games Quiz
Numbers Quiz
Announcer
Bowl
Drink
hear
New Orleans Saints
saint
Today's Top Quizzes in Sports
Browse Sports
hide this ad
Today's Top Quizzes in Board Games
Browse Board Games
Top Contributed Quizzes in Sports
1
First NBA MVP by Team
2
Order Up: MLB HOF by Notable Achievement
3
Players with Multiple 50 Home Run Seasons
4
Sports Missing Word Rainbow
5
NFL Logic Puzzle
6
NBA Logic Puzzle 2.0
7
MLB Hall of Famer by Rings
8
Pitchers with Multiple 300 Strikeout Seasons
9
NBA Teammate Connections
10
Who Needs Fielders?
Explore More
Trending Topics
Disney
Anime
Crossword
Harry Potter
Kpop
Marvel
NBA
Soccer
The Office
Pokémon
Song
Country
Puzzle
WWE
NFL
hide this ad
More By:
JoeyMyFriend
Quiz
Plays
Rating
Category
Featured
Created
10 VEGETABLES in 2 MINUTES
2,078
2.75
Just For Fun
Feb 8, 2010
10 Most Populated States in 2 minutes
780
1.43
Geography
Mar 1, 2010
New Orleans Saints Fun Facts
742
2.56
Sports
Feb 5, 2010
Where's the BEEF (name the steaks)
631
3.25
Just For Fun
Feb 8, 2010
Saints Super Bowl Drinking Game
250
5.00
Sports
Feb 6, 2010
Go to Creator's Profile
Score Distribution
Quiz Creator Spotlight
JoeyMyFriend
Follow
Send a Message
Quizzes Created
-
Created Quiz Play Count
-
More By This Creator
Popular Quizzes Today
1
Can You Fill Me In? 2010s Songs II
2
Find the US States - No Outlines Minefield
3
The Countries of the World
4
Paint the Flag IV
5
Celebrity Time Lapse IV
6
Find the US States
7
Digits of Pi
8
Countries of South America
More Sports Quizzes
History of Red Cards
Quiz Lab
Trending Quizzes
First NBA MVP by Team
Celebrity Time Lapse V
Celebrity Time Lapse VI
Celebrity Time Lapse VII
Celebrity Time Lapse VIII
Recently Updated
25 Years of Adult Animated Series
LTH
60 Second SPORCLE Blitz: Oscar Best Pictures
sproutcm
Ariana Grande Albums
jjmorales
Quick Pick: US Nicknames
LTH
Sporcleville
LTH
20 First Names: Figure Skaters
Peacemaker
20 Terms: Mexican History
Scout_Number_4
Political Photos from the 2000s
pecheneg
Music... By 14 Other Categories!
pecheneg
Find Five: Miscellaneous Things
pecheneg
Trending Topics
Crossword
Kpop
NBA
Disney
Anime
Harry Potter
Marvel
Pokémon
NFL
Soccer
Puzzle
Song
The Office
Country
WWE
Your Account Isn't Verified!
In order to create a playlist on Sporcle, you need to verify the email address you used during registration. Go to your
Sporcle Settings
to finish the process.
Report this User
Report this user for behavior that violates our
Community Guidelines
.
Details:
Send Report
Go to the Sporcle.com Mobile Site →
Comments